000 00503nam a2200157Ia 4500
003 GCL
008 140319s9999 xx 000 0 ara d
040 _aGCL /
_cGCL
082 0 4 _a070.1
_bم م
245 1 0 _aملف الحملة الصهونية فى فرنسا
260 _aالقاهرة :
_bمركز الاهرام للتنظيم وتكنولوجيا المعلومات ،
_c2002
300 _a213 ص ؛
_c40 سم
650 0 4 _aالصحافة
650 0 4 _aابراهيم نافع
942 _2ddc
_cBK
999 _c5717
_d5717